000
00313nam a22001457a 4500
008
210426b ||||| |||| 00| 0 eng d
020
_a
9780937473146
041
_a
eng
080
_a
37
082
_a
37
100
_a
46
101
_a
EDU
245
_a
The Punctuation Handbook
_c
Miller,J.I
942
_2
udc
_c
BK
999
_c
56761
_d
56761